01244nam a2200253Ii 45000010005000000030009000050080041000140400033000550410008000880820013000961000029001092450067001382640069002053000012002743360026002863370028003123380027003409400050003679990017004179520139004349520139005739520139007129520139008515928CO-ViMGA241108s9999||||xx |||||||||||||| ||und|| aCO-ViMGAbspaerdacCO-ViMGA0 aunk04a923-B6891 aSimón Bolívar94417510aBolivar:bantología de autores colombianos tomos I-II-III-IV 1a[Lugar de publicación no identificado] : Canal Ramírez, 1983 avolumen atextbtxt2rdacontent aunmediatedbn2rdamedia avolumebnc2rdacarrier aidficha_siabuc: 5781. -- ficha_no_siabuc:5928 c55283d55283 001040708001aMEVIGERRbMEVIGERRcGENd2006-11-27hVol.1o923-B689pECA5131r2024-11-26 10:42:08tEj.1w2024-11-26yBKz5781 | 8089 001040708001aMEVIGERRbMEVIGERRcGENd2006-11-27hVol.1o923-B689pECA5128r2024-11-26 10:42:09tEj.1w2024-11-26yBKz5781 | 8086 001040708001aMEVIGERRbMEVIGERRcGENd2006-11-27hVol.1o923-B689pECA5129r2024-11-26 10:42:09tEj.1w2024-11-26yBKz5781 | 8087 001040708001aMEVIGERRbMEVIGERRcGENd2006-11-27hVol.1o923-B689pECA5130r2024-11-26 10:42:09tEj.1w2024-11-26yBKz5781 | 8088